Cẩm nang công tác quản lý đất đai, nhà ở : 405 tình huống xử lý những vướng mắc trong lĩnh vực bồi thường, hỗ trợ tái định cư, bán đấu giá quyền sử dụng đất và công tác quản lý xây dựng phát triển quỹ đất

Nội dung sách thống kê những tình huống thường xảy ra trong công tác bồi dưỡng và hỗ trợ tái định cư và những quy định mới nhất của pháp luật sẽ giúp các nhà quản lý các tình huống và các vướng mắcthường gặp trong quá trình công tác...

全面介紹

Đã lưu trong:
書目詳細資料
格式: 圖書
語言:Undetermined
出版: Tp.Hồ Chí Minh Nông Nghiệp 2012
主題:
標簽: 添加標簽
沒有標簽, 成為第一個標記此記錄!
Thư viện lưu trữ: Trung tâm Học liệu Trường Đại học Cần Thơ
LEADER 01393nam a2200229Ia 4500
001 CTU_174539
008 210402s9999 xx 000 0 und d
020 |c 325000 
082 |a 342.597052 
082 |b C120 
245 0 |a Cẩm nang công tác quản lý đất đai, nhà ở : 
245 0 |b 405 tình huống xử lý những vướng mắc trong lĩnh vực bồi thường, hỗ trợ tái định cư, bán đấu giá quyền sử dụng đất và công tác quản lý xây dựng phát triển quỹ đất 
245 0 |c Quý Long, Kim Thư sưu tầm và hệ thống hóa 
260 |a Tp.Hồ Chí Minh 
260 |b Nông Nghiệp 
260 |c 2012 
520 |a Nội dung sách thống kê những tình huống thường xảy ra trong công tác bồi dưỡng và hỗ trợ tái định cư và những quy định mới nhất của pháp luật sẽ giúp các nhà quản lý các tình huống và các vướng mắcthường gặp trong quá trình công tác. 
650 |a Housing,Compensation (Law),Land tenure,Bồi thường (Luật) 
650 |x Law and legislation,Law and legislation 
650 |z Vietnam,Việt Nam 
904 |i Tuyến 
980 |a Trung tâm Học liệu Trường Đại học Cần Thơ